| 000 | 00741nam a2200241 i 4500 | ||
|---|---|---|---|
| 001 | 146415 | ||
| 003 | ES-MaACL | ||
| 005 | 20240516103501.0 | ||
| 007 | t| | ||
| 008 | 070910s1962 sp ||||1| spa d | ||
| 080 | _a86-14"19" | ||
| 100 | 1 |
_aTovar, Julio. _9111170 |
|
| 245 | 1 | 0 |
_aHombre sólo / _cJulio Tovar ; prólogo de José Domingo. |
| 260 |
_a[La Laguna] : _bInstituto de Estudios Canarios, _c1962. |
||
| 300 |
_a103 p. ; _c24 cm. |
||
| 490 | 1 | _aColección Retama | |
| 700 | 0 |
_aDomingo, José, _d1913-1975 _945118 |
|
| 710 | 2 |
_aInstituto de Estudios Canarios. _94891 |
|
| 830 | 0 |
_aColección Retama _9220840 |
|
| 852 |
_aES-MaACL _jC-21985 _bR.50424 |
||
| 852 |
_aES-MaACL _jC-22556 _bR.51254 |
||
| 999 |
_c146415 _d146415 |
||